00331 a2200109 450000500170000002000180001708200160003524500460005126000390009730000670013670000180020320250627043017.0 a0-88936-839-2 a338.900 BHA aGlobalization, Growth and Marginalization aLondonbMacmillan Press Ltdc1998. axvii, 224p.: ill.; figures, tables bBibliography, Indexc21cm aBHALLA, S . A